Linear programming : methods and applications /
Guardado en:
| Autor Principal: | |
|---|---|
| Formato: | Libro |
| Idioma: | English |
| Publicado: |
New York : Tokyo :
McGraw-Hill ; Kogakusha,
c1969.
|
| Edición: | 3d ed., International student ed. |
| Etiquetas: |
Agregar Etiqueta
Sin Etiquetas, Sea el primero en etiquetar este registro!
|
| LEADER | 00695nam a22001935 4500 | ||
|---|---|---|---|
| 001 | MAT.inmabb001946 | ||
| 008 | 690529s1969####nyua#####b####001#0#eng#d | ||
| 005 | 20130313151444.0 | ||
| 245 | 1 | 0 | |a Linear programming : |b methods and applications / |c Saul I. Gass. |
| 250 | |a 3d ed., International student ed. | ||
| 260 | |a New York : |b McGraw-Hill ; |a Tokyo : |b Kogakusha, |c c1969. | ||
| 300 | |a xiii, 358 p. : |b il. ; |c 21 cm. | ||
| 504 | |a "Bibliography of linear programming applications": p. [325]-337. "References": p. [339]-352. | ||
| 510 | 4 | |a MR, |c 42 #1509 | |
| 100 | 1 | |a Gass, Saul I. | |
| 084 | |a 90C05 (90-01) |2 msc2000 | ||
| 010 | |a 68055267 | ||
| 044 | |a nyu |a ja | ||
| 859 | |h 90 |i G251 |p A-3567 |b BIB. MATEMATICA | ||
